Vyakulayakshi(വ്യാകുലയക്ഷി) (Record no. 115270)

MARC details
000 -LEADER
fixed length control field 00421 a2200157 4500
005 - DATE AND TIME OF LATEST TRANSACTION
control field 20260330114455.0
008 - FIXED-LENGTH DATA ELEMENTS--GENERAL INFORMATION
fixed length control field 260330b |||||||| |||| 00| 0 eng d
020 ## - INTERNATIONAL STANDARD BOOK NUMBER
International Standard Book Number 9789370985179
080 ## - UNIVERSAL DECIMAL CLASSIFICATION NUMBER
Universal Decimal Classification number 89M-1
Item number MEE/V
100 ## - MAIN ENTRY--PERSONAL NAME
Personal name Meeraben
245 ## - TITLE STATEMENT
Title Vyakulayakshi(വ്യാകുലയക്ഷി)
260 ## - PUBLICATION, DISTRIBUTION, ETC. (IMPRINT)
Name of publisher, distributor, etc D C books.
Place of publication, distribution, etc Kottayam.
Date of publication, distribution, etc 2025.
300 ## - PHYSICAL DESCRIPTION
Extent 120p.
653 ## - INDEX TERM--UNCONTROLLED
Uncontrolled term Poetry-Malayalam Literature
942 ## - ADDED ENTRY ELEMENTS (KOHA)
item type Under processing
Holdings
Lost status Source of classification or shelving scheme Not for loan Home library Current library Date acquired Cost, normal purchase price Total Checkouts Full call number Barcode Date last seen Cost, replacement price Price effective from Koha item type Public note
  Universal Decimal Classification Not For Loan University Library University Library 27/02/2026 120.01   89M-1 MEE/V 00097349 27/02/2026 180.00 27/02/2026 Books processing
University Library, CUSAT